00434 2200169 4500001002100000005001700021035002400038040001200062090002000074100001900094245005100113250001100164260003000175300002600205850001200231990002100243YOGYA00000000008599620141119103943.0 0010-081400000085713 aYOPDYOG aDEP 915.1 Rah R aRahma Yulianti aRp 3 Juta Keliling China UtaracRahma Yulianti aCet. 1 aYogyakartabB Firstc2013 axii, 212 hlm.c19 cm. aYOPDYOG aCB-D.11-2013-134